000 01968nam a2200337 i 4500
003 DO-SdBNP
005 20231113104741.0
007 ta
008 150209s2006 dr ac b 000 0 spa d
020 _a9945426648
040 _aDO-SdBNP
_bspa
_cBNPHU
_erda
082 _222
_bP723
100 1 _aPlaza Fonseca, Cristina
_984622
245 1 0 _aHablamos de Dios. :
_bguía didáctica, 6to. de educación básica /
_cCristina Plaza Fonseca, César Rollán Sánchez : ilustraciones María del Mar Ferrero
264 1 _aSanto Domingo :
_bSM,
_c2006.
300 _a159 páginas
_bilustraciones, retratos
_c28 cm.
336 _2rdacontent
_atexto
_btxt
337 _2rdamedia
_asin mediación
_bn
338 _2rdacarrier
_avolumen
_bnc
490 1 _aEducación en valores
490 1 _aProyecto mundo abierto
500 _aEducación básica.
500 _aFormación integral humana y religiosa.
505 0 _gProyecto y metodología :
_tNuestra propuesta --
_tClaves del proyecto Hablamos de Dios --
_tObjetivos generales y criterios de evaluación --
_tLos contenidos --
_tProgramación --
_tLos materiales para el estudiante --
_tLos recursos para el maestro --
_tLa unidad didáctica (estructura y proceso metodológico) /
_gLas unidades didácticas :
_gAmarás a Dios sobre todas las cosas --
_tLa vida comunitaria de los cristianos --
_tLos cristianos viven unidos a Dios --
_tLas fiestas en la vida de los cristianos --
_tLos cristianos saben perdonar --
_gAmarás al prójimo como a ti mismo --
_tSer cristiano --
_tCristianos en el mundo --
_tLa convivencia social --
_tVivir para los demás --
_gTe amarás a ti mismo --
_tUna vida para hacer el bien --
_tLa experiencia de crecer --
_tMaría, modelo para los cristianos --
_tGlosario /
521 _aEstudiantes de primaria.
590 _aInventariado, 2023/ YL
700 1 _aRollán Sánchez, César
_eautora
_956467
700 1 _aMar ferrero, María del
_973201
_eilustraciones
910 _aYLockward
942 _2ddc
_cLBS1
999 _c55469
_d55469